Statistics for Largest Cities In Peru

Click here to take the quiz!

General Stats

  • This quiz has been taken 17 times
  • The average score is 4 of 10

Answer Stats

PopAnswer% Correct
9.8 millLima
100%
1.2 millArequipa
65%
435000Cusco
59%
850000Trujillo
47%
800000Chiclayo
35%
660000Huancayo
29%
580000Piura
29%
371000Chimbote
29%
364000Iquitos
29%
293000Tacna
24%

Score Distribution

Percentile by Number Answered

Percent of People with Each Score

Your Score History

You have not taken this quiz